00734 2200253 4500001002100000005001500021035002000036245012100056100001700177250000600194300003500200700001800235260004300253082000800296084001400304020002200318650001400340008004100354990001700395990001700412990001700429990001700446990001700463INLIS00000000000111620190516021017 a0010-05190000071 aMengenal Bumi Untuk Menjaga Kelestarian Bumi :bSeri 2 Kelestarian Lingkungan /cSuryaningsih; Editor, Otong Lesmana0 aSuryaningsih a- aiv, 60 hlm. :bilus. ;c25 cm.0 aOtong Lesmana aSurabaya :bCV Graha Ilmu Mulia,c2010 a550 a550 SUR m a978-979-756-010-2 aIlmu Bumi190516 0  a03987/H/2018 a03988/H/2018 a03989/H/2018 a03990/H/2018 a04273/H/2018